| 000 | 00521nam a2200157 i 4500 | ||
|---|---|---|---|
| 001 | 42302 | ||
| 003 | ES-MaACL | ||
| 005 | 20230906160602.0 | ||
| 007 | t| | ||
| 008 | 030313s1859 sp ||||1| spa d | ||
| 100 | 1 |
_aCastillo y Ayensa, José del. _936774 |
|
| 245 | 1 | 0 |
_aHistoria crítica de las negociaciones con Roma desde la muerte del Rey D. Fernando VII / _cescrita por José del Castillo y Ayensa. |
| 260 |
_aMadrid : _b[s.n., _c1859] ( _fImp. de Tejado) |
||
| 300 |
_a2 v. ; _c24 cm. |
||
| 852 |
_aES-MaACL _jG-9571-2 |
||
| 999 |
_c42302 _d42302 |
||